[Event "46th Capablanca Memorial Open A"]
[Site "Havana CUB"]
[Date "2011.05.19"]
[Round "8.47"]
[White "Pirola, Claudionor Alcides Lima"]
[Black "Vigoa Apecheche, Yanira"]
[Result "1-0"]
[BlackTitle "WIM"]
[WhiteElo "2104"]
[BlackElo "2279"]
[WhiteFideId "2130556"]
[BlackFideId "3507041"]
[EventDate "2011.05.11"]

1. d4 Nf6 2. c4 c5 3. d5 b5 4. cxb5 a6 5. f3 e6 6. e4 exd5 7. e5 Qe7 8. Qe2 Ng8
9. Nc3 Bb7 10. Nh3 d6 11. Nf4 dxe5 12. Nfxd5 Qd6 13. Bf4 Nd7 14. Rd1 Ngf6 15.
Nxf6+ Qxf6 16. Qd2 Qd8 17. Bc4 exf4 18. Qxf4 Qf6 19. Qe3+ Qe7 20. Ne4 Bxe4 21.
fxe4 Ne5 22. Bd5 Ra7 23. b6 Rb7 24. Qb3 c4 25. Qa4+ Rd7 26. b7 Qb4+ 27. Ke2 Qb6
28. Qxa6 Qxa6 29. b8=Q+ Ke7 30. Qxe5+ Kd8 31. Qb8+ Ke7 32. Qb4+ Kd8 33. Qxc4 Qg6
34. g3 Bd6 35. Rdf1 Re8 36. Rf3 Rc7 37. Qa4 f5 38. Rxf5 Qxf5 39. Qxe8+ Kxe8 40.
exf5 Rc2+ 41. Kf3 Rxb2 42. Re1+ Kd8 43. Re2 Rb5 44. Be6 Ra5 45. Rb2 Ra3+ 46. Ke4
Ra5 47. Rb7 Be7 48. Rd7+ Ke8 49. Rd2 Ra4+ 50. Kd5 Ra5+ 51. Kc4 g6 52. Bd7+ Kf8
53. g4 Rc5+ 54. Kd4 Rc7 55. Be6 Ra7 56. Ke4 Ra4+ 57. Rd4 Ra3 58. Bb3 Ra5 59. a4
Ra6 60. Rd5 Ra7 61. Ke5 Ra6 62. Ke4 Ra7 63. Kd4 Kg7 64. Bc2 Bf6+ 65. Kc4 Be7 66.
a5 Rc7+ 67. Kb3 Bf6 68. Bd3 Rb7+ 69. Bb5 Kh6 70. a6 Rc7 71. Rd7 Rc8 72. a7 1-0

[Event "46th Capablanca Memorial Open A"]
[Site "Havana CUB"]
[Date "2011.05.19"]
[Round "8.48"]
[White "Adel Lahchaichi, Oussama"]
[Black "Cueto Rodriguez, Yanet"]
[Result "1-0"]
[WhiteTitle "FM"]
[BlackTitle "WFM"]
[WhiteElo "2265"]
[BlackElo "2138"]
[WhiteFideId "2207885"]
[BlackFideId "3505294"]
[EventDate "2011.05.11"]

1. c4 Nf6 2. g3 d5 3. cxd5 Nxd5 4. Bg2 c6 5. Nf3 Nd7 6. O-O e5 7. d4 exd4 8.
Qxd4 Qf6 9. Qe4+ Qe7 10. Qc2 N7f6 11. a3 Nb6 12. e4 h6 13. Be3 Be6 14. Nbd2 Qc7
15. Nd4 Qc8 16. Nxe6 Qxe6 17. a4 Bb4 18. a5 Bxd2 19. Bxd2 Nbd7 20. a6 b6 21. e5
Nd5 22. f4 O-O 23. Rae1 f5 24. Rc1 Rac8 25. b4 Ne7 26. Be3 c5 27. b5 Rcd8 28.
Rfd1 Nb8 29. Bf1 Kh8 30. Bc4 Qc8 31. Qg2 Qc7 32. Qb7 Rd7 33. Rxd7 Qxd7 34. Qxd7
Nxd7 35. Rd1 Nb8 36. Bc1 g6 37. Bb2 Kg7 38. e6+ Kg8 39. Be5 Re8 40. Rd7 Nxd7 41.
exd7+ Kf8 42. Bg7+ 1-0

[Event "46th Capablanca Memorial Open A"]
[Site "Havana CUB"]
[Date "2011.05.19"]
[Round "8.49"]
[White "Corrales Jimenez, Zenia"]
[Black "Fandino Reyes, Roquelina"]
[Result "1-0"]
[WhiteTitle "WFM"]
[BlackTitle "WIM"]
[WhiteElo "2182"]
[BlackElo "2147"]
[WhiteFideId "3506355"]
[BlackFideId "3501426"]
[EventDate "2011.05.11"]

1. e4 Nf6 2. e5 Nd5 3. d4 d6 4. Nf3 Bg4 5. Be2 c6 6. c4 Nb6 7. exd6 exd6 8. O-O
Be7 9. Qc2 O-O 10. Be3 Bh5 11. Nbd2 Bg6 12. Bd3 Na6 13. a3 Nc7 14. b4 d5 15. c5
Nd7 16. a4 Bf6 17. b5 cxb5 18. axb5 Nxb5 19. Bxg6 hxg6 20. Qb3 Nc7 21. Qxb7 Re8
22. Rxa7 Rxa7 23. Qxa7 Re6 24. Qb7 g5 25. h3 g6 26. Nb3 Nb8 27. Bxg5 Bxg5 28.
Nxg5 Re2 29. Na5 Nba6 30. Nf3 Qf6 31. Nc6 Re8 32. Re1 Rxe1+ 33. Nxe1 Qg5 34. Ne5
Qf5 35. N1f3 Kg7 36. Qc6 Qe6 37. Qa4 Qf5 38. Qb3 Qc8 39. Qb6 Qe8 40. Qd6 1-0

[Event "46th Capablanca Memorial Open A"]
[Site "Havana CUB"]
[Date "2011.05.19"]
[Round "8.50"]
[White "Fleites Martin, Yuleikys"]
[Black "Cordero Suarez, Greisy"]
[Result "1-0"]
[WhiteTitle "WIM"]
[WhiteElo "2167"]
[BlackElo "2116"]
[WhiteFideId "3502759"]
[BlackFideId "3502422"]
[EventDate "2011.05.11"]

1. Nc3 e6 2. e4 d5 3. d4 Bb4 4. e5 c5 5. a3 Ba5 6. b4 cxd4 7. Nb5 Bc7 8. f4 Bd7
9. Nf3 Bxb5 10. Bxb5+ Nc6 11. O-O Ne7 12. Bd3 g6 13. Kh1 h5 14. Qe1 Nf5 15. Bxf5
gxf5 16. Qg3 Qe7 17. b5 Na5 18. Bd2 O-O-O 19. Bb4 Qd7 20. Nxd4 Nc4 21. a4 Ba5
22. Bxa5 Nxa5 23. Qc3+ Qc7 24. Qb4 Kb8 25. Ra3 Qc4 26. Qxc4 Nxc4 27. Rg3 Rdg8
28. Rxg8+ Rxg8 29. Rf3 Rg4 30. Ne2 Nb2 31. Rh3 h4 32. a5 Nc4 33. b6 axb6 34.
axb6 Nxb6 35. g3 hxg3 36. Rxg3 Rxg3 37. Nxg3 Kc8 38. h4 Kd8 39. Kg1 Nc4 40. Kf2
Na3 41. c3 Nb1 42. Ne2 Nd2 43. Ke3 Ne4 44. Kd3 Ke7 45. Nd4 f6 46. Nf3 Ng3 47.
exf6+ Kxf6 48. Ne5 Ke7 49. Ng6+ Kf6 50. Ne5 Ne4 51. Nd7+ Ke7 52. Ne5 Nf2+ 53.
Kd4 Ng4 54. Nd3 Kd6 55. h5 Ke7 56. Nc5 b6 57. Na4 Kf7 58. Nxb6 Nf6 59. h6 Ng4
60. h7 Kg7 61. Nd7 Kxh7 62. Nf8+ Kg8 63. Nxe6 Nf6 64. Nc7 Kf7 65. Ke5 Kg6 66.
Nxd5 Ne4 67. c4 Kf7 68. Ne3 Nd6 1-0

[Event "46th Capablanca Memorial Open A"]
[Site "Havana CUB"]
[Date "2011.05.19"]
[Round "8.51"]
[White "Mendoza Velazquez, Lorena Alejan"]
[Black "Miranda Rodriguez, Tania"]
[Result "0-1"]
[WhiteTitle "WIM"]
[BlackTitle "WFM"]
[WhiteElo "2033"]
[BlackElo "2167"]
[WhiteFideId "5101794"]
[BlackFideId "3510417"]
[EventDate "2011.05.11"]

1. d4 Nf6 2. Nf3 g6 3. c4 Bg7 4. Nc3 O-O 5. e4 d6 6. Be3 h6 7. h3 e5 8. dxe5
dxe5 9. Qxd8 Rxd8 10. Nd5 Nxd5 11. cxd5 c6 12. Bc4 b5 13. Bb3 Bb7 14. Rc1 a5 15.
a3 a4 16. Ba2 Ra6 17. O-O cxd5 18. exd5 Rad6 19. Bc5 R6d7 20. Bb6 Rc8 21. Rxc8+
Bxc8 22. Rc1 Ba6 23. Bc7 e4 24. Nd2 Bxb2 25. Rc2 b4 26. Rxb2 Rxc7 27. Rxb4 Nd7
28. Nxe4 Rc2 29. Bb1 Rc1+ 30. Kh2 Bc4 31. d6 Bd5 32. Bd3 f5 33. Bb5 Bxe4 34.
Bxd7 Rc2 35. Be6+ Kg7 36. d7 Rd2 37. Rb8 Rxf2 38. h4 Rxg2+ 39. Kh3 f4 40. Rb2
Rg3+ 41. Kh2 Rd3 42. Rb8 Rd1 43. Rg8+ Kh7 44. Rh8+ Kxh8 0-1

[Event "46th Capablanca Memorial Open A"]
[Site "Havana CUB"]
[Date "2011.05.19"]
[Round "8.52"]
[White "Espinosa Garcia, Sandra"]
[Black "Ubaldo Suarez, Maria Gisela"]
[Result "1-0"]
[WhiteTitle "WIM"]
[BlackTitle "WIM"]
[WhiteElo "2113"]
[BlackElo "2079"]
[WhiteFideId "3509109"]
[BlackFideId "3900630"]
[EventDate "2011.05.11"]

1. d4 d5 2. c4 c6 3. cxd5 cxd5 4. Nc3 Nf6 5. Bf4 Nc6 6. e3 a6 7. Bd3 g6 8. Rc1
Bg7 9. h3 O-O 10. Nf3 Nb4 11. Bb1 Bf5 12. Bxf5 gxf5 13. O-O Rc8 14. a3 Nc6 15.
Ne5 Na5 16. Qf3 Nc4 17. Nxc4 Rxc4 18. Nxd5 Rxc1 19. Nxf6+ Bxf6 20. Rxc1 Qb6 21.
Qe2 Qe6 22. Qc4 Qd7 23. Bh6 Re8 24. Qc7 Qd5 25. Rc5 Qe4 26. Qc8 1-0

[Event "46th Capablanca Memorial Open A"]
[Site "Havana CUB"]
[Date "2011.05.19"]
[Round "8.53"]
[White "Perez Rodriguez, Jennifer"]
[Black "Hernandez Moya, Yuleisis"]
[Result "1/2-1/2"]
[WhiteTitle "WIM"]
[BlackTitle "WFM"]
[WhiteElo "2227"]
[BlackElo "2174"]
[WhiteFideId "3507831"]
[BlackFideId "3511685"]
[EventDate "2011.05.11"]

1. d4 d5 2. c4 c6 3. Nf3 Nf6 4. Nc3 e6 5. g3 dxc4 6. Bg2 Nbd7 7. O-O Be7 8. a4
O-O 9. Nd2 e5 10. Nxc4 exd4 11. Qxd4 Nc5 12. Qxd8 Rxd8 13. Bf4 Be6 14. Ne5 a5
15. Bxc6 bxc6 16. Nxc6 Kf8 17. Nxd8 Rxd8 18. Rfd1 Rc8 19. Bd6 Nb3 20. Bxe7+ Kxe7
21. Rab1 Bf5 22. e4 Nxe4 23. Re1 Nd2 24. Nxe4 Bxe4 25. Rbc1 Rb8 26. Rxe4+ Nxe4
27. Re1 Rb4 28. f3 Rxa4 29. fxe4 Ke6 30. Kf2 Ke5 31. Kf3 Rb4 32. Re2 Rb3+ 33.
Kg4 Rb4 34. Kf3 h5 35. h4 g6 36. Kg2 Rxe4 37. Rc2 Kf5 38. Rc5+ Re5 39. Rc7 Ke6
40. Rb7 f6 41. b4 axb4 42. Rxb4 g5 43. hxg5 fxg5 44. Rb6+ Kf5 45. Rb4 Re4 46.
Rb2 Kg4 47. Ra2 1/2-1/2

[Event "46th Capablanca Memorial Open A"]
[Site "Havana CUB"]
[Date "2011.05.19"]
[Round "8.54"]
[White "Balanza Llama, Claudia De La C."]
[Black "Catala Matienzo, Ivette"]
[Result "0-1"]
[BlackTitle "WFM"]
[WhiteElo "1976"]
[BlackElo "2208"]
[WhiteFideId "3513165"]
[BlackFideId "3506819"]
[EventDate "2011.05.11"]

1. e4 c5 2. Nf3 e6 3. d4 cxd4 4. Nxd4 Nf6 5. Bd3 Nc6 6. Nxc6 bxc6 7. O-O d5 8.
Nd2 Bd6 9. Qe2 Qc7 10. h3 O-O 11. b3 Be5 12. Rb1 Nd7 13. Nf3 Bf6 14. exd5 cxd5
15. Ng5 g6 16. c4 Qe5 17. Nf3 Qxe2 18. Bxe2 Ba6 19. Bb2 Bxb2 20. Rxb2 dxc4 21.
Bxc4 Bxc4 22. bxc4 Rfc8 23. Rc1 Rc7 24. Kh2 Rac8 25. Rb5 Nb6 26. c5 Nd5 27. c6
Rxc6 28. Rxc6 Rxc6 29. Rb7 Ra6 30. Ng5 Nf4 31. Re7 Nd3 32. Nxf7 Rxa2 33. Nh6+
Kf8 34. Rxh7 a5 35. Rf7+ Ke8 36. Rf6 Ke7 37. Rxg6 Rxf2 38. Rg3 Rd2 39. Rg4 Ra2
40. Ng8+ Kf8 41. Nf6 a4 42. Nd7+ Kf7 43. Nb6 a3 44. Ra4 Ne1 45. Nc4 Rxg2+ 46.
Kh1 a2 47. Ne5+ Ke7 48. Nf3 Re2 49. Nd4 Rb2 50. Nc6+ Kf6 51. Nb4 Rxb4 52. Rxa2
Nd3 53. Ra3 Nf4 54. Kh2 Rd4 55. h4 Ng6 0-1

[Event "46th Capablanca Memorial Open A"]
[Site "Havana CUB"]
[Date "2011.05.20"]
[Round "9.1"]
[White "Hevia Alejano, Carlos Antonio"]
[Black "Aguero Jimenez, Luis Lazaro"]
[Result "1-0"]
[WhiteTitle "FM"]
[BlackTitle "IM"]
[WhiteElo "2464"]
[BlackElo "2420"]
[WhiteFideId "3508811"]
[BlackFideId "3508455"]
[EventDate "2011.05.11"]

1. e4 c6 2. d4 d5 3. e5 c5 4. dxc5 Nc6 5. Nf3 Bg4 6. Bb5 e6 7. Be3 Ne7 8. h3
Bxf3 9. Qxf3 a6 10. Ba4 Qa5+ 11. Nc3 Ng6 12. a3 Be7 13. Qg3 O-O 14. Bxc6 bxc6
15. O-O Qc7 16. f4 Nh4 17. Bf2 a5 18. Ne2 Rab8 19. Rab1 Qa7 20. b4 Rb7 21. Nd4
Nf5 22. Nxf5 exf5 23. Bd4 Qa6 24. Rfd1 Rfb8 25. c3 g6 26. Qd3 Qxd3 27. Rxd3 h5
28. g3 Kf8 29. Re1 Bd8 30. Kg2 Ke7 31. g4 hxg4 32. hxg4 fxg4 33. Kg3 Ke6 34.
Kxg4 Be7 35. Rh3 Bf8 36. Rf1 Bg7 37. f5+ gxf5+ 38. Rxf5 Rg8 39. Rg5 Rbb8 40. Kf4
Rh8 41. Rxh8 Bxh8 42. bxa5 Ra8 43. Rg1 Ke7 44. Kf5 Kf8 45. Rb1 Bg7 46. Rb6 Rxa5
47. Rxc6 Rxa3 48. Rc8+ Ke7 49. c6 Ra5 50. Bb6 1-0

[Event "46th Capablanca Memorial Open A"]
[Site "Havana CUB"]
[Date "2011.05.20"]
[Round "9.2"]
[White "Gomez Garrido, Camilo"]
[Black "Borges Mateos, Juan"]
[Result "1/2-1/2"]
[WhiteTitle "IM"]
[BlackTitle "GM"]
[WhiteElo "2516"]
[BlackElo "2451"]
[WhiteFideId "3507904"]
[BlackFideId "3500160"]
[EventDate "2011.05.11"]

1. e4 e5 2. Nf3 Nc6 3. Bb5 a6 4. Ba4 Nf6 5. O-O Be7 6. Re1 b5 7. Bb3 d6 8. c3
O-O 9. h3 Na5 10. Bc2 c5 11. d4 Qc7 12. Nbd2 Nc6 1/2-1/2

[Event "46th Capablanca Memorial Open A"]
[Site "Havana CUB"]
[Date "2011.05.20"]
[Round "9.3"]
[White "Delgado Ramos, Hector"]
[Black "Bacallao Alonso, Yusnel"]
[Result "1/2-1/2"]
[WhiteTitle "FM"]
[BlackTitle "IM"]
[WhiteElo "2480"]
[BlackElo "2530"]
[WhiteFideId "3504824"]
[BlackFideId "3507416"]
[EventDate "2011.05.11"]

1. e4 e5 2. Nf3 Nc6 3. Bb5 a6 4. Bxc6 dxc6 5. d4 exd4 6. Qxd4 Qxd4 7. Nxd4 c5 8.
Ne2 Bd7 9. Nbc3 O-O-O 10. Bf4 Ne7 11. O-O-O f5 1/2-1/2

[Event "46th Capablanca Memorial Open A"]
[Site "Havana CUB"]
[Date "2011.05.20"]
[Round "9.4"]
[White "Luther, Thomas"]
[Black "Otero Acosta, Diasmany"]
[Result "0-1"]
[WhiteTitle "GM"]
[BlackTitle "IM"]
[WhiteElo "2525"]
[BlackElo "2440"]
[WhiteFideId "4611420"]
[BlackFideId "3503186"]
[EventDate "2011.05.11"]

1. e4 e5 2. Nf3 Nc6 3. Bb5 Nf6 4. O-O Nxe4 5. Re1 Nd6 6. Nxe5 Nxe5 7. Rxe5+ Be7
8. Bf1 O-O 9. d4 Bf6 10. Re1 Nf5 11. d5 Re8 12. Nd2 Rxe1 13. Qxe1 d6 14. Ne4 Bd4
15. c3 Bb6 16. a4 a5 17. Bg5 f6 18. Bf4 Bd7 19. Bd3 Qe7 20. Qe2 Re8 21. h3 Qf7
22. Re1 Nh4 23. Bg3 Ng6 24. Qd2 f5 25. Ng5 Rxe1+ 26. Qxe1 Qf6 27. h4 h6 28. Ne6
Ne5 29. Bxe5 dxe5 30. g3 c6 31. c4 e4 32. Bf1 Bxe6 33. dxe6 Qd4 34. Bh3 Qe5 35.
Kg2 g5 36. Qd2 g4 37. Qxh6 gxh3+ 38. Kxh3 Qg7 39. Qd2 Qe7 40. Qh6 Qg7 41. Qd2 e3
42. Qd3 Qg4+ 43. Kh2 exf2 44. Qd7 f1=N+ 0-1

[Event "46th Capablanca Memorial Open A"]
[Site "Havana CUB"]
[Date "2011.05.20"]
[Round "9.5"]
[White "Alarcon Casellas, Rolando"]
[Black "Gonzalez Vidal, Yuri"]
[Result "1/2-1/2"]
[WhiteTitle "FM"]
[BlackTitle "GM"]
[WhiteElo "2448"]
[BlackElo "2504"]
[WhiteFideId "3507610"]
[BlackFideId "3503321"]
[EventDate "2011.05.11"]

1. e4 e5 2. Nf3 Nf6 3. Nxe5 d6 4. Nf3 Nxe4 5. d3 Nf6 6. d4 Be7 7. Bd3 O-O 8. h3
b6 9. O-O Bb7 10. Re1 Nbd7 1/2-1/2

[Event "46th Capablanca Memorial Open A"]
[Site "Havana CUB"]
[Date "2011.05.20"]
[Round "9.7"]
[White "Oms Pallisse, Josep"]
[Black "Ortega Amarelle, Mariano"]
[Result "1/2-1/2"]
[WhiteTitle "GM"]
[BlackTitle "FM"]
[WhiteElo "2501"]
[BlackElo "2417"]
[WhiteFideId "2205521"]
[BlackFideId "3504301"]
[EventDate "2011.05.11"]

1. d4 d5 2. c4 c6 3. Nf3 Nf6 4. Nc3 dxc4 5. a4 Bf5 6. Ne5 e6 7. f3 Bb4 8. e4
Bxe4 9. fxe4 Nxe4 10. Bd2 Qxd4 11. Nxe4 Qxe4+ 12. Qe2 Bxd2+ 13. Kxd2 Qd5+ 14.
Kc3 O-O 15. Qe3 b5 16. Be2 Nd7 17. Nxd7 Qxd7 18. Rhd1 Qe7 19. Qe5 Rab8 20. Kc2
Qb4 21. Qe3 bxa4 22. Qc3 Qc5 23. Bxc4 Qf5+ 24. Rd3 Qe4 25. g3 Rfd8 26. Rd1 h6
27. Kc1 Rxd3 28. Qxd3 Qe5 29. Qd4 Qa5 30. Qd6 Qb6 31. Rd2 a5 32. Kb1 Qb4 33.
Qxb4 axb4 34. Rd6 c5 35. Rc6 Rd8 36. Kc2 a3 37. bxa3 bxa3 38. Ra6 Rd4 39. Bd3 g6
40. Rxa3 h5 41. Be2 Kg7 42. Ra7 Rd5 43. Bd3 Rg5 44. Ra4 Rd5 45. Ra7 Rg5 46. Ra4
Rd5 47. Ra7 Rg5 1/2-1/2

[Event "46th Capablanca Memorial Open A"]
[Site "Havana CUB"]
[Date "2011.05.20"]
[Round "9.8"]
[White "Vera Gonzalez-Quevedo, Reynaldo"]
[Black "Wohl, Aleksandar H."]
[Result "1/2-1/2"]
[WhiteTitle "GM"]
[BlackTitle "IM"]
[WhiteElo "2500"]
[BlackElo "2411"]
[WhiteFideId "3500055"]
[BlackFideId "3200345"]
[EventDate "2011.05.11"]

1. d4 Nf6 2. c4 e6 3. Nc3 Bb4 4. g3 c5 5. Nf3 b6 6. Bg2 Bb7 7. dxc5 Ne4 8. Bd2
Nxc3 9. Bxc3 Bxc3+ 10. bxc3 bxc5 11. Qd6 1/2-1/2

[Event "46th Capablanca Memorial Open A"]
[Site "Havana CUB"]
[Date "2011.05.20"]
[Round "9.9"]
[White "Arenas, David"]
[Black "Fernandez Cardoso, Alexey"]
[Result "1-0"]
[WhiteTitle "IM"]
[BlackTitle "FM"]
[WhiteElo "2427"]
[BlackElo "2473"]
[WhiteFideId "4403177"]
[BlackFideId "3504379"]
[EventDate "2011.05.11"]

1. e4 c5 2. Nf3 e6 3. d4 cxd4 4. Nxd4 a6 5. Nc3 b5 6. Bd3 Qc7 7. O-O Nf6 8. Qe2
Bd6 9. Ndxb5 axb5 10. Nxb5 Bxh2+ 11. Kh1 Qc6 12. Kxh2 h5 13. f3 e5 14. Bg5 Na6
15. Rfd1 Ng4+ 16. fxg4 hxg4+ 17. Kg3 Nc5 18. Bc4 Qg6 19. Nc7+ Kf8 20. Qxg4 f6
21. Bd5 Rb8 22. Be3 1-0

[Event "46th Capablanca Memorial Open A"]
[Site "Havana CUB"]
[Date "2011.05.20"]
[Round "9.10"]
[White "Perez Rodriguez, Luis Manuel"]
[Black "Vega Chirino, Lemay"]
[Result "0-1"]
[WhiteTitle "GM"]
[BlackTitle "FM"]
[WhiteElo "2466"]
[BlackElo "2356"]
[WhiteFideId "3503364"]
[BlackFideId "3502252"]
[EventDate "2011.05.11"]

1. e4 c5 2. Nf3 Nc6 3. Nc3 e5 4. Bc4 Be7 5. d3 d6 6. O-O Nf6 7. Ng5 O-O 8. f4 h6
9. Nf3 exf4 10. Bxf4 Be6 11. Nd5 Bxd5 12. exd5 Nb4 13. Bd2 Nbxd5 14. Nh4 Nc7 15.
Nf5 d5 16. Bb3 Kh8 17. Qf3 Ne6 18. Bc3 c4 19. dxc4 Bc5+ 20. Kh1 Ng5 21. Qf4 d4
22. Nxd4 Nfe4 23. Ne2 f5 24. Be5 Qb6 25. Bc7 Qg6 26. Qh4 Nd2 27. Nf4 Qc6 28. Be5
Nxf1 29. Rxf1 Kh7 30. Qh5 g6 31. Qh4 Rae8 32. Nd3 Be3 33. Qg3 f4 34. Bxf4 Qe4
35. h3 Ne6 36. Bxe3 Rxf1+ 37. Kh2 Ng7 38. Bxa7 Nf5 39. Qc7+ Re7 40. Qb8 Re8 41.
Qc7+ Re7 42. Qb8 Qc6 43. Nb4 Ree1 0-1

[Event "46th Capablanca Memorial Open A"]
[Site "Havana CUB"]
[Date "2011.05.20"]
[Round "9.11"]
[White "De La Paz Perdomo, Frank"]
[Black "Ostos, Julio"]
[Result "1-0"]
[WhiteTitle "GM"]
[BlackTitle "IM"]
[WhiteElo "2452"]
[BlackElo "2310"]
[WhiteFideId "3501833"]
[BlackFideId "3900053"]
[EventDate "2011.05.11"]

1. e4 e6 2. d4 d5 3. Nd2 Nf6 4. e5 Nfd7 5. c3 c5 6. Bd3 Nc6 7. Ne2 cxd4 8. cxd4
f6 9. exf6 Nxf6 10. Nf3 Bd6 11. O-O O-O 12. Bg5 Qc7 13. Rc1 Nh5 14. Ng3 Nf4 15.
Bb5 Qb6 16. Bxc6 bxc6 17. Rc2 c5 18. dxc5 Bxc5 19. Bxf4 Rxf4 20. Qc1 Rc4 21.
Rxc4 dxc4 22. Qxc4 Ba6 23. Qe4 Rf8 24. b4 Be7 25. Re1 Bb7 26. Qg4 Bd5 27. a3 a5
28. Nh5 Rf7 29. Nf4 axb4 30. Nxd5 exd5 31. axb4 Qxb4 32. Qc8+ Bf8 33. Qe6 Qd6
34. Qc8 Rc7 35. Qa8 Qc6 36. Qb8 Rc8 37. Qe5 Bc5 38. h4 h6 39. h5 Rd8 40. Nh4 Qd6
41. Qxd6 Rxd6 42. Nf5 Rd7 43. Rc1 Ba7 44. Kf1 Kf7 45. Rc6 Bb8 46. g3 Be5 47. f4
Rc7 48. Ra6 Bf6 49. Ke2 Rc2+ 50. Kf3 Rc3+ 51. Kg4 Rd3 52. Ra7+ Kf8 53. Nd6 d4
54. Rf7+ Kg8 55. Rd7 Kf8 56. Kf5 Rxg3 57. Ne4 Rh3 58. Nxf6 gxf6 59. Kxf6 Ke8 60.
Re7+ Kd8 61. Re5 d3 62. Rd5+ Ke8 63. f5 Re3 64. Rd4 Rh3 65. Re4+ Kf8 66. Re7 Rg3
67. Rh7 Ke8 68. Re7+ Kf8 69. Re5 Rh3 70. Ke6 d2 71. Rd5 Rh2 72. Rd8+ Kg7 73. f6+
Kh7 74. Rd7+ Kh8 75. Kf7 Rf2 76. Ke7 Kg8 77. Rd8+ Kh7 78. Rd7 Kg8 79. Rxd2 Rxd2
80. f7+ Kh7 81. f8=Q Rd7+ 82. Kf6 Rb7 83. Qc5 Rg7 84. Qf5+ Kh8 85. Qd5 1-0

[Event "46th Capablanca Memorial Open A"]
[Site "Havana CUB"]
[Date "2011.05.20"]
[Round "9.13"]
[White "Prasca Sosa, Rafael"]
[Black "Obregon Rivero, Juan Carlos"]
[Result "1-0"]
[WhiteTitle "IM"]
[BlackTitle "FM"]
[WhiteElo "2424"]
[BlackElo "2445"]
[WhiteFideId "3900819"]
[BlackFideId "3507815"]
[EventDate "2011.05.11"]

1. e4 c5 2. Nf3 Nc6 3. Nc3 g6 4. d4 cxd4 5. Nxd4 Bg7 6. Be3 Nf6 7. Bc4 O-O 8.
Bb3 d6 9. h3 Bd7 10. O-O a5 11. a3 Rc8 12. Re1 Ne5 13. f4 Nc4 14. Bxc4 Rxc4 15.
e5 Ne8 16. Qd3 Rc8 17. Bf2 e6 18. Rad1 d5 19. Nb3 b6 20. Nxd5 exd5 21. Qxd5 Rxc2
22. Qxd7 Qxd7 23. Rxd7 Rxb2 24. Nd4 Bh6 25. f5 Ng7 26. f6 Nh5 27. g3 Rd2 28. a4
Ra2 29. Nc6 Bg5 30. Ne7+ Kh8 31. Red1 Nxf6 32. exf6 Bxf6 33. Nd5 Be5 34. Nxb6
Kg7 35. R7d2 Rxd2 36. Rxd2 Rb8 37. Kg2 Bc7 38. Nd5 Bd8 39. Bd4+ Kh6 40. Nf6 g5
41. Be5 Rc8 42. Ne4 Kg6 43. g4 Be7 44. Rd7 Bb4 45. Kf3 Rc1 46. Rb7 Rc6 47. Bd4
h6 48. Ng3 Bc3 49. Rb6 Rxb6 50. Bxb6 Be1 51. Nf5 h5 52. Bd4 hxg4+ 53. hxg4 Bb4
54. Ke4 f6 55. Ne3 1-0

[Event "46th Capablanca Memorial Open A"]
[Site "Havana CUB"]
[Date "2011.05.20"]
[Round "9.14"]
[White "Linares Napoles, Oleiny"]
[Black "Borges Feria, Yasel"]
[Result "1/2-1/2"]
[WhiteTitle "WGM"]
[BlackTitle "FM"]
[WhiteElo "2319"]
[BlackElo "2406"]
[WhiteFideId "3504794"]
[BlackFideId "3504921"]
[EventDate "2011.05.11"]

1. Nf3 Nf6 2. c4 c5 3. Nc3 e6 4. g3 b6 5. Bg2 Bb7 6. O-O Be7 7. b3 a6 8. Bb2 O-O
9. e3 Ra7 10. Qc2 d6 11. d3 Nbd7 12. Ne1 Bxg2 13. Nxg2 Qa8 14. f4 d5 15. Nd1 Rd8
16. Nf2 Ne8 17. Ng4 f6 18. f5 e5 19. Rad1 d4 20. Nf2 dxe3 21. Nxe3 Nc7 22. Ne4
Nb8 23. g4 Nc6 24. g5 Ne8 25. Nd5 Nb4 26. Nxb4 cxb4 27. Qg2 Kh8 28. Kh1 Rad7 29.
gxf6 Bxf6 30. Qf3 Qc6 31. Rf2 Bh4 32. Re2 Bf6 33. Re3 a5 34. Rg1 Nd6 35. Nxf6
Qxf3+ 36. Rxf3 gxf6 37. d4 Nf7 38. dxe5 Nxe5 39. Bxe5 fxe5 40. f6 e4 41. Rf4 Re8
42. Re1 Rf7 43. Kg2 Re6 44. Kg3 e3 45. Re2 Rfxf6 46. Rxf6 Rxf6 47. Rxe3 Kg7 48.
Rf3 Rxf3+ 49. Kxf3 Kf7 50. Ke3 Ke7 51. h3 h6 52. Kd3 Kd7 1/2-1/2

[Event "46th Capablanca Memorial Open A"]
[Site "Havana CUB"]
[Date "2011.05.20"]
[Round "9.15"]
[White "Gongora Reyes, Maikel"]
[Black "de Francesco, Klaus"]
[Result "1/2-1/2"]
[WhiteTitle "IM"]
[BlackTitle "FM"]
[WhiteElo "2452"]
[BlackElo "2312"]
[WhiteFideId "3503208"]
[BlackFideId "4613945"]
[EventDate "2011.05.11"]

1. d4 e6 2. c4 f5 3. g3 Nf6 4. Bg2 d5 5. Nf3 c6 6. b3 Bd6 7. O-O Qe7 8. a4 a5 9.
Ba3 Bxa3 10. Nxa3 O-O 11. Nc2 Nbd7 12. Nce1 dxc4 13. bxc4 e5 14. Nxe5 Nxe5 15.
dxe5 Qxe5 16. Rb1 Ne4 17. Nf3 Qe7 18. Qc1 Kh8 19. e3 Be6 20. Nd4 Bg8 21. Qc2
Rae8 22. Rfc1 h6 23. Rb2 Nc5 24. Bh3 Bh7 25. Qd1 f4 26. Rc3 Ne4 27. Rcb3 fxg3
28. hxg3 Qd6 29. Qg4 b5 30. axb5 c5 31. Ne6 Rxe6 32. Qxe6 Qd1+ 33. Bf1 Nxg3 34.
Qh3 Bc2 35. Qxg3 Bxb3 36. Kg2 Bc2 37. f3 Qc1 38. Ra2 Rf5 39. Qf2 Rg5+ 40. Kh2
Rh5+ 41. Kg3 Bb3 42. Rxa5 Bxc4 43. Bg2 Bd5 44. Ra6 Qc4 45. f4 Qxb5 46. Rd6 Qd3
47. Bf3 Qf5 48. Rd8+ Kh7 49. Bxh5 Qxh5 50. Qc2+ g6 51. Rd7+ Kg8 52. Rd8+ Kf7 53.
e4 Be6 54. Qh2 Qg4+ 55. Kf2 Bc4 56. Rd2 h5 57. Qg3 Qxg3+ 58. Kxg3 Ke6 59. Kh4
Kf6 60. Rd6+ 1/2-1/2

[Event "46th Capablanca Memorial Open A"]
[Site "Havana CUB"]
[Date "2011.05.20"]
[Round "9.18"]
[White "Pina Vega, Sulennis"]
[Black "Perez Garcia, Rodney"]
[Result "1/2-1/2"]
[WhiteTitle "WGM"]
[BlackTitle "IM"]
[WhiteElo "2298"]
[BlackElo "2440"]
[WhiteFideId "3503151"]
[BlackFideId "3500918"]
[EventDate "2011.05.11"]

1. e4 e5 2. Nf3 Nf6 3. Nxe5 d6 4. Nf3 Nxe4 5. Qe2 Qe7 6. d3 Nf6 7. Qxe7+ Bxe7 8.
Nc3 a6 9. Be2 Nc6 10. a3 Bd7 11. O-O O-O 1/2-1/2